000 00335 a2200109 4500
001 ART_6175
005 20260410161825.0
008 260409a
245 1 0 _aDistritos industriales y estrategias de desarrollo regional
100 1 _aGennero de Rearte, Ana M.
773 0 _tFACES
_g- Año 1, Nº 1 (jun 1995)
_wREV5046
999 _c22708
_d22708